| 000 | 00393nam a2200157Ia 4500 | ||
|---|---|---|---|
| 008 | 230312s9999||||xx |||||||||||||| ||und|| | ||
| 020 | _a81-7758-169-0 | ||
| 082 |
_a547 _bMOR-O |
||
| 100 | _aMorrison;Robert.Thornton | ||
| 245 | 0 | _aOrganic Chemistry | |
| 260 |
_bPearson Education,INC _aIndia _c1992 |
||
| 300 | _a1349 | ||
| 546 | _aEng. | ||
| 650 |
_aMedical _vOrganic Chemistry |
||
| 942 | _cBK | ||
| 999 |
_c6829 _d6829 |
||